| 000 | 00656 a2200169 4500 | ||
|---|---|---|---|
| 003 | Nust | ||
| 005 | 20221128130442.0 | ||
| 010 | _a6914674 | ||
| 040 | _cNust | ||
| 082 | _a530,PHY | ||
| 245 |
_aPhysics Demonstration Experiments in two volumes / _cEdited by Harry F . Meiners |
||
| 250 | _aVolume I and II | ||
| 260 |
_aNew York _bThe Ronald Press CO, _c1969. |
||
| 505 | _aThe Lecture Demonstration (Page-3), Mechanics (Page-85), Wave Motion (Page-439), Lecture Techniques (Page-655), Heat (Page-749), Electricity and Magnetism (Page-835), Optics (Page-1035), Atomic and Nuclear Physics (Page-1127). | ||
| 650 | _aPhysics | ||
| 942 |
_2ddc _cBK _k530,PHY |
||
| 999 |
_c180533 _d180533 |
||